000 01137cad a22001935a 4500
001 L152596
008 110331s2011 xxk f 000 0 eng d
035 _a(Sirsi) u152596
041 0 _aeng
110 2 _aUnited Kingdom
_bDepartment for Transport
_94866
245 0 0 _aDeveloping a sustainable framework for UK aviation
_bscoping document
_h[electronic resource]
260 _aLondon
_bDfT
_c2011
520 _aScoping document sets out the key principles and challenges of a new greener aviation policy. The new policy framework will replace the previous government?s The Future of Air Transport White Paper which was published in 2003 and subsequently updated in 2006. Comments are being invited on the scoping document until 30 September 2011 with a draft aviation framework published for consultation in March 2012 with a view to formal adoption in March 2013.
590 _aKA NTK
651 4 _aUnited Kingdom
690 _aPROPERTY-INFRASTRUCTURE-AIR TRANSPORT INFRASTRUCTURE
856 4 0 _uhttps://www.dft.gov.uk/consultations/open/2011-09/consultationdocument.pdf
_zView the item free of charge at www.dft.gov.uk
942 _n0
999 _c112132
_d112132